[Event "Frankfurt-chA"]
[Site "Frankfurt"]
[Date "2016.05.02"]
[Round "2"]
[White "Loehr, Holger"]
[Black "Raetsch, Kurt"]
[Result "1-0"]
[WhiteElo "1556"]
[BlackElo "1790"]
[PlyCount "119"]
[EventDate "2016.04.25"]
[EventType "swiss"]
[EventRounds "9"]
[EventCountry "GER"]
[SourceTitle "EXT 2018"]
[Source "ChessBase"]
[SourceDate "2017.10.13"]
[SourceVersion "1"]
[SourceVersionDate "2017.10.13"]
[SourceQuality "1"]

1. c4 e6 2. Nc3 d6 3. Nf3 b6 4. g3 Bb7 5. Bg2 Nd7 6. 0-0 Be7 7. d4 Ngf6 8. Qc2 0-0 9. e4 Rc8 10. h3 c5 11. d5 e5 12. Re1 Nh5 13. Nd1 g6 14. Ne3 Rc7 15. b3 Bc8 16. Bb2 Nb8 17. Kh2 Ng7 18. Rad1 f5 19. exf5 Nxf5 20. Qe2 Nd4 21. Nxd4 cxd4 22. Nc2 Bf6 23. Be4 Bg7 24. Rf1 Rcf7 25. Bc1 Nd7 26. Nb4 Nc5 27. Bg2 a5 28. Nd3 Nxd3 29. Rxd3 Bf5 30. Rdd1 e4 31. g4 d3 32. Qe3 Be5+ 33. Kg1 Bxg4 34. hxg4 Rf3 35. Bxf3 Rxf3 36. Qg5 Qd7 37. Qh4 Bf6 38. Bg5 Be5 39. Rfe1 Bd4 40. Bf6 Be3 41. Bg5 Bd4 42. Rf1 Qe8 43. Rde1 Qe5 44. Be3 Bc3 45. Rd1 Qe8 46. Bxb6 Bf6 47. Qh1 a4 48. Be3 axb3 49. axb3 Qd7 50. Qg2 Be5 51. Rxd3 Rf8 52. Rdd1 Qb7 53. Rb1 Rf3 54. b4 Qc8 55. c5 dxc5 56. bxc5 Qd8 57. g5 Qc8 58. d6 Rh3 59. Rb8 Qxb8 60. Qxh3 1-0

[Event "Hessen-ch Gr-C 64th"]
[Site "Bad Vilbel"]
[Date "2010.04.01"]
[Round "2"]
[White "Herms, Thorsten"]
[Black "Raetsch, Kurt"]
[Result "0-1"]
[WhiteElo "1746"]
[BlackElo "2069"]
[PlyCount "78"]
[EventDate "2010.03.31"]
[EventType "swiss"]
[EventRounds "7"]
[EventCountry "GER"]
[SourceTitle "EXT 2011"]
[Source "ChessBase"]
[SourceDate "2010.11.26"]
[SourceVersion "1"]
[SourceVersionDate "2010.11.26"]
[SourceQuality "1"]

1. d4 e6 2. Nf3 b6 3. e3 Bb7 4. Bd3 Nf6 5. Nbd2 d5 6. 0-0 Bd6 7. Re1 0-0 8. e4 dxe4 9. Nxe4 Nbd7 10. Bg5 Be7 11. Ne5 Nxe4 12. Bxe7 Qxe7 13. Bxe4 Bxe4 14. Rxe4 Nf6 15. Rh4 c5 16. Qf3 cxd4 17. Nc6 Qc5 18. Rd1 e5 19. b4 Qd6 20. b5 a6 21. a4 axb5 22. axb5 Ra3 23. Qf5 Re8 24. g4 Qe6 25. Qg5 Rf3 26. Re1 Qd6 27. Nxe5 Rc3 28. Qf5 Rc5 29. f4 g6 30. Qd3 Rc3 31. Qe2 Nd5 32. Qf2 Ne3 33. Re2 Ra8 34. Nxf7 Ra1+ 35. Re1 Rxe1+ 36. Qxe1 Qxf4 37. Nh6+ Kg7 38. g5 Qxg5+ 39. Ng4 Nxg4 0-1

[Event "Frankfurt-ch"]
[Site "Frankfurt"]
[Date "2006.05.29"]
[Round "6"]
[White "Rotermund, Verena"]
[Black "Raetsch, Kurt"]
[Result "1-0"]
[WhiteElo "1757"]
[BlackElo "1890"]
[PlyCount "81"]
[EventDate "2006.04.24"]
[EventType "swiss"]
[EventRounds "7"]
[EventCountry "GER"]
[SourceTitle "EXT 2007"]
[Source "ChessBase"]
[SourceDate "2006.11.23"]
[SourceVersion "1"]
[SourceVersionDate "2006.11.23"]
[SourceQuality "1"]

1. e4 c5 2. Nc3 Nc6 3. f4 e6 4. Nf3 d5 5. g3 d4 6. Ne2 d3 7. cxd3 Nb4 8. Nc3 Nxd3+ 9. Bxd3 Qxd3 10. Ne5 Qa6 11. Qb3 Nf6 12. Nb5 Qb6 13. Nc4 Qc6 14. Qd3 Nxe4 15. Ne5 Qb6 16. Qxe4 Qxb5 17. a4 Qa6 18. Ra3 f6 19. Nf3 Be7 20. Re3 0-0 21. f5 e5 22. g4 c4 23. h4 Qxa4 24. b3 Qc6 25. Qc2 Bc5 26. Qxc4+ Kh8 27. Rc3 e4 28. Nd4 Bxd4 29. Qxd4 Qd7 30. Qb4 Re8 31. Bb2 b6 32. Re3 Bb7 33. g5 Rf8 34. gxf6 gxf6 35. Rf1 Qg7 36. Qc3 Ba6 37. Rg3 Rac8 38. Qe3 Qf7 39. Rfg1 Bd3 40. Qh6 a5 41. Rg7 1-0

[Event "Main Vogelsberg op 1st"]
[Site "Hanau"]
[Date "2006.04.29"]
[Round "2.17"]
[White "Raetsch, Kurt"]
[Black "Larem, Peter"]
[Result "0-1"]
[WhiteElo "2099"]
[BlackElo "1847"]
[PlyCount "62"]
[EventDate "2006.04.28"]
[EventType "swiss"]
[EventRounds "7"]
[EventCountry "GER"]
[SourceTitle "EXT 2022"]
[Source "ChessBase"]
[SourceDate "2021.10.06"]
[SourceVersion "1"]
[SourceVersionDate "2021.10.06"]
[SourceQuality "1"]

1. e4 e5 2. Nf3 Nf6 3. Bc4 Nxe4 4. Qe2 d5 5. 0-0 Nc6 6. Bb5 Bd6 7. d3 Nf6 8. Nxe5 0-0 9. Bxc6 bxc6 10. f4 Re8 11. d4 c5 12. c3 cxd4 13. cxd4 c5 14. dxc5 Bxc5+ 15. Be3 d4 16. Bf2 Ng4 17. Qc4 Nxe5 18. Qxc5 Nd3 19. Qxd4 Qxd4 20. Bxd4 Re4 21. Bc3 Bb7 22. Rf3 Re1+ 23. Bxe1 Bxf3 24. Bc3 Bh5 25. Nd2 Nxf4 26. Kf2 Re8 27. g3 Re2+ 28. Kf1 Rxh2 29. Kg1 Rg2+ 30. Kf1 Be2+ 31. Ke1 Nd3# 0-1

[Event "Travemuende op 21th"]
[Site "Travemuende"]
[Date "2004.12.27"]
[Round "2"]
[White "Muse, Mladen"]
[Black "Raetsch, Kurt"]
[Result "1-0"]
[WhiteElo "2448"]
[BlackElo "2096"]
[PlyCount "51"]
[EventDate "2004.12.27"]
[EventType "swiss"]
[EventRounds "7"]
[EventCountry "GER"]
[SourceTitle "EXT 2006"]
[Source "ChessBase"]
[SourceDate "2005.11.24"]
[SourceVersion "1"]
[SourceVersionDate "2005.11.24"]
[SourceQuality "1"]

1. c4 e5 2. g3 Nf6 3. Bg2 c6 4. Nf3 e4 5. Nd4 Qb6 6. Nc2 d5 7. cxd5 cxd5 8. d3 Bc5 9. 0-0 0-0 10. Nc3 exd3 11. Qxd3 Be6 12. Na4 Qa5 13. Nxc5 Qxc5 14. Be3 Qa5 15. Bd4 Nbd7 16. a4 Rac8 17. b4 Qd8 18. Ne3 a5 19. bxa5 Qxa5 20. Rfb1 b6 21. Rb5 Qa6 22. Nxd5 Nxd5 23. Bxd5 Bh3 24. Bc4 Qa8 25. f3 Rfd8 26. Rh5 1-0

[Event "Bahn-chM"]
[Site "Winterberg"]
[Date "2004.10.02"]
[Round "7"]
[White "Unger, Franz"]
[Black "Raetsch, Kurt"]
[Result "1/2-1/2"]
[WhiteElo "1954"]
[BlackElo "1867"]
[PlyCount "51"]
[EventDate "2004.09.26"]
[EventType "swiss"]
[EventRounds "7"]
[EventCountry "GER"]
[SourceTitle "EXT 2013"]
[Source "ChessBase"]
[SourceDate "2012.11.22"]
[SourceVersion "1"]
[SourceVersionDate "2012.11.22"]
[SourceQuality "1"]

1. e4 g6 2. d4 Bg7 3. Nc3 e6 4. Be3 Ne7 5. Qd2 d5 6. f3 c5 7. exd5 exd5 8. Bb5+ Nbc6 9. Nge2 0-0 10. 0-0 Nf5 11. Bxc6 Nxe3 12. Qxe3 bxc6 13. Rfd1 cxd4 14. Nxd4 Qb6 15. Kh1 Bb7 16. Na4 Qa5 17. Qa3 Rfe8 18. b4 Qc7 19. Nc5 Qe7 20. Qd3 a5 21. c3 axb4 22. cxb4 Rab8 23. Rab1 Ba8 24. a4 Qa7 25. Qa6 Qe7 26. Qd3 1/2-1/2

[Event "Frankfurt-ch"]
[Site "Frankfurt"]
[Date "2004.05.17"]
[Round "4"]
[White "Raetsch, Kurt"]
[Black "Benninger, Rudolf"]
[Result "1-0"]
[WhiteElo "2106"]
[BlackElo "2186"]
[PlyCount "61"]
[EventDate "2004.05.02"]
[EventType "swiss"]
[EventRounds "7"]
[EventCountry "GER"]
[SourceTitle "EXT 2005"]
[Source "ChessBase"]
[SourceDate "2004.11.15"]
[SourceVersion "1"]
[SourceVersionDate "2004.11.15"]
[SourceQuality "1"]

1. e4 g6 2. d4 Bg7 3. Nf3 c5 4. c3 cxd4 5. cxd4 d5 6. e5 Nh6 7. Nc3 0-0 8. h3 Nc6 9. Bb5 f6 10. 0-0 Nf7 11. exf6 exf6 12. Qa4 Qd6 13. b3 Rd8 14. Ba3 Qf4 15. Bxc6 bxc6 16. Qxc6 Bxh3 17. Nxd5 Qg4 18. Ne3 Qd7 19. Rac1 Be6 20. d5 Bxd5 21. Qxd7 Rxd7 22. Rfd1 Be6 23. Nd4 Re8 24. Nxe6 Rxd1+ 25. Nxd1 Bh6 26. Rc7 Ne5 27. Be7 Kf7 28. Nd8+ Kg8 29. Ne3 Bf4 30. Rxa7 f5 31. Nd5 1-0

[Event "Dresden Vdes op"]
[Site "Dresden"]
[Date "2000.01.29"]
[Round "6"]
[White "Raetsch, Kurt"]
[Black "Dietze, Frank Heinz"]
[Result "0-1"]
[WhiteElo "1879"]
[BlackElo "2200"]
[PlyCount "80"]
[EventDate "2000.01.26"]
[EventType "swiss"]
[EventRounds "7"]
[EventCountry "GER"]
[SourceTitle "EXT 2001"]
[Source "ChessBase"]
[SourceDate "2000.11.22"]
[SourceVersion "1"]
[SourceVersionDate "2000.11.22"]
[SourceQuality "1"]

1. e4 c5 2. Bc4 Nc6 3. Nf3 g6 4. c3 Qa5 5. 0-0 Bg7 6. a4 d6 7. Re1 a6 8. Na3 e6 9. Rb1 Nge7 10. d4 cxd4 11. cxd4 Nxd4 12. Nxd4 Bxd4 13. Bh6 Qb6 14. Qd2 Ng8 15. Red1 Nxh6 16. Qxd4 Qxd4 17. Rxd4 Bd7 18. Be2 Bc6 19. Nc4 d5 20. Nd6+ Ke7 21. e5 g5 22. g3 f6 23. f4 gxf4 24. gxf4 fxe5 25. fxe5 Rhg8+ 26. Kf2 Rg5 27. Nxb7 Rf8+ 28. Bf3 Bxb7 29. Rc1 Bc8 30. Rh4 Ng4+ 31. Ke2 Rxe5+ 32. Kd2 Nf6 33. Rc6 Kd7 34. Rb6 Rf7 35. b4 Kc7 36. a5 Nd7 37. Rxe6 Rxe6 38. Bxd5 Rf2+ 39. Kc3 Re5 40. Kd4 Rd2+ 0-1

[Event "Dresden Vdes op"]
[Site "Dresden"]
[Date "2000.01.27"]
[Round "2"]
[White "Mock, Oskar"]
[Black "Raetsch, Kurt"]
[Result "1/2-1/2"]
[WhiteElo "2045"]
[BlackElo "1879"]
[PlyCount "115"]
[EventDate "2000.01.26"]
[EventType "swiss"]
[EventRounds "7"]
[EventCountry "GER"]
[SourceTitle "EXT 2001"]
[Source "ChessBase"]
[SourceDate "2000.11.22"]
[SourceVersion "1"]
[SourceVersionDate "2000.11.22"]
[SourceQuality "1"]

1. d4 e6 2. c4 Nf6 3. g3 d5 4. Bg2 c6 5. cxd5 exd5 6. Nf3 Bb4+ 7. Nbd2 0-0 8. 0-0 Re8 9. a3 Bd6 10. Re1 Bf5 11. Nh4 Bg4 12. f3 g5 13. fxg4 gxh4 14. e4 dxe4 15. Nxe4 Nxe4 16. Bxe4 hxg3 17. hxg3 Bxg3 18. Bxh7+ Kg7 19. Rxe8 Qxe8 20. Bf5 Nd7 21. Qd2 Nf8 22. Qh6+ Kg8 23. Bg5 Ng6 24. Bf6 Qf8 25. Qh5 Qd6 26. Bxg6 Qxf6 27. Qh7+ Kf8 28. Qh6+ Qg7 29. Qxg7+ Kxg7 30. Kg2 Bc7 31. Be4 Rh8 32. Rh1 Rxh1 33. Kxh1 Kf6 34. Kg2 Bf4 35. b3 Be3 36. d5 c5 37. Kf3 Bg5 38. Ke2 Ke5 39. Kd3 b5 40. Bf3 Kf4 41. Bd1 Ke5 42. a4 bxa4 43. bxa4 Kxd5 44. Bb3+ Kc6 45. Bxf7 Kb6 46. Ke4 Ka5 47. Kf5 Bh6 48. Bb3 Kb4 49. Bd1 Kc3 50. g5 Bg7 51. Kg6 Bd4 52. Kf7 c4 53. Ke6 Kd2 54. Kd5 Bg7 55. Kxc4 Kxd1 56. Kb5 Kd2 57. Ka6 Bd4 58. g6 1/2-1/2

[Event "Bahn-chT"]
[Site "Gemuend"]
[Date "1999.10.24"]
[Round "1.3"]
[White "Walter, Thomas"]
[Black "Raetsch, Kurt"]
[Result "1-0"]
[WhiteElo "2023"]
[BlackElo "2215"]
[PlyCount "119"]
[EventDate "1999.10.24"]
[EventType "team"]
[EventRounds "7"]
[EventCountry "GER"]
[SourceTitle "EXT 2003"]
[Source "ChessBase"]
[SourceDate "2002.11.25"]
[SourceVersion "1"]
[SourceVersionDate "2002.11.25"]
[SourceQuality "1"]
[WhiteTeam "Halle (Bahn)"]
[BlackTeam "Frankfurt (Bahn)"]
[WhiteTeamCountry "GER"]
[BlackTeamCountry "GER"]

1. e4 e5 2. d4 exd4 3. Nf3 Nc6 4. Bc4 Be7 5. c3 Na5 6. Qxd4 Nxc4 7. Qxc4 Nf6 8. 0-0 0-0 9. Rd1 c6 10. Be3 d5 11. exd5 Nxd5 12. Qe2 Qc7 13. Bd4 Be6 14. Be5 Qb6 15. Nd4 Bd7 16. c4 Nf6 17. Nc3 Rfe8 18. Qc2 Rad8 19. Na4 Qa5 20. Nf3 Bg4 21. Rxd8 Rxd8 22. Bc3 Qh5 23. Qe2 Bd6 24. h3 Bxf3 25. Qxf3 Qxf3 26. gxf3 Nh5 27. c5 Bc7 28. Re1 Nf4 29. h4 b5 30. cxb6 axb6 31. Bd4 c5 32. Be3 Ng6 33. h5 Nh4 34. Rc1 h6 35. b4 Nxf3+ 36. Kg2 Nh4+ 37. Kh3 Nf5 38. bxc5 b5 39. Nc3 b4 40. Nb5 Be5 41. c6 Nxe3 42. fxe3 Rc8 43. c7 Kf8 44. Rc4 Ke7 45. Na7 Rxc7 46. Nc6+ Ke6 47. Nxe5 Ra7 48. Nd3 Rxa2 49. Re4+ Kf5 50. Rf4+ Ke6 51. Nxb4 Re2 52. Re4+ Kf5 53. Re7 Kg5 54. Nd5 Rf2 55. Nf4 Kf6 56. Nd5+ Kg5 57. Re5+ Rf5 58. Rxf5+ Kxf5 59. Nc3 Kg5 60. Kg3 1-0

[Event "Karl Mala Memorial op 03rd"]
[Site "Griesheim"]
[Date "1999.08.07"]
[Round "4"]
[White "Marchio, Enrico"]
[Black "Raetsch, Kurt"]
[Result "1-0"]
[WhiteElo "2289"]
[BlackElo "2143"]
[PlyCount "69"]
[EventDate "1999.08.??"]
[EventType "swiss"]
[EventRounds "7"]
[EventCountry "GER"]
[SourceTitle "EXT 2000"]
[Source "ChessBase"]
[SourceDate "1999.11.16"]
[SourceVersion "1"]
[SourceVersionDate "1999.11.16"]
[SourceQuality "1"]

1. Nf3 Nf6 2. c4 e6 3. g3 d5 4. Bg2 c6 5. b3 Nbd7 6. Bb2 Bd6 7. 0-0 0-0 8. Nc3 Re8 9. d4 b6 10. e4 Nxe4 11. Nxe4 dxe4 12. Ne5 Bxe5 13. dxe5 Nc5 14. Ba3 Nd7 15. Bxe4 Bb7 16. Qd6 Rc8 17. Rfc1 Rc7 18. c5 Qc8 19. Rd1 b5 20. Qd3 Nf8 21. Qc3 Rd7 22. Rd6 Red8 23. Bb4 Ng6 24. Ba5 Re8 25. Rad1 Ree7 26. h4 Qe8 27. h5 Nf8 28. Qf3 a6 29. Bd2 Rxd6 30. cxd6 Rd7 31. Bxc6 Bxc6 32. Qxc6 Qb8 33. Ba5 Rb7 34. Bc7 Qc8 35. d7 1-0

[Event "Rhein Main op 02nd"]
[Site "Frankfurt"]
[Date "1999.06.06"]
[Round "7"]
[White "Roediger, Thomas"]
[Black "Raetsch, Kurt"]
[Result "1-0"]
[WhiteElo "2090"]
[BlackElo "2140"]
[PlyCount "105"]
[EventDate "1999.06.??"]
[EventType "swiss"]
[EventRounds "7"]
[EventCountry "GER"]
[SourceTitle "EXT 2000"]
[Source "ChessBase"]
[SourceDate "1999.11.16"]
[SourceVersion "1"]
[SourceVersionDate "1999.11.16"]
[SourceQuality "1"]

1. d4 d5 2. c4 Nf6 3. Nc3 e6 4. Bg5 Be7 5. Nf3 0-0 6. e3 Nbd7 7. Be2 dxc4 8. Bxc4 Nb6 9. Bb3 Nbd5 10. 0-0 b6 11. Rc1 Ba6 12. Re1 Nxc3 13. bxc3 Bb7 14. h3 Ba3 15. Rb1 h6 16. Bh4 g5 17. Bg3 Ne4 18. Qd3 Nc5 19. Qd1 Nxb3 20. Rxb3 Bd6 21. Bxd6 cxd6 22. c4 Rc8 23. Rc3 Qf6 24. Nh2 Rc7 25. Qh5 Qg6 26. Qxg6+ fxg6 27. Rec1 Rfc8 28. Nf1 Kf7 29. Nd2 Ke7 30. f3 b5 31. c5 dxc5 32. dxc5 Bd5 33. e4 Bxa2 34. Ra3 Bc4 35. Nxc4 Rxc5 36. Rxa7+ R8c7 37. Rxc7+ Rxc7 38. Kf2 bxc4 39. Ke3 Kf6 40. Kd4 h5 41. g3 c3 42. Rc2 e5+ 43. Kd3 Rc5 44. Rxc3 Rxc3+ 45. Kxc3 g4 46. fxg4 hxg4 47. h4 Ke6 48. Kc4 Kd6 49. Kb5 Kd7 50. Kc5 Ke6 51. Kc6 Ke7 52. Kd5 Kf6 53. Kd6 1-0

[Event "Rhein Main op 02nd"]
[Site "Frankfurt"]
[Date "1999.06.03"]
[Round "3"]
[White "Lobzhanidze, Davit"]
[Black "Raetsch, Kurt"]
[Result "1-0"]
[WhiteElo "2470"]
[BlackElo "2140"]
[PlyCount "79"]
[EventDate "1999.06.??"]
[EventType "swiss"]
[EventRounds "7"]
[EventCountry "GER"]
[SourceTitle "EXT 2000"]
[Source "ChessBase"]
[SourceDate "1999.11.16"]
[SourceVersion "1"]
[SourceVersionDate "1999.11.16"]
[SourceQuality "1"]

1. e4 e5 2. Nf3 Nc6 3. Bb5 d6 4. d4 exd4 5. Nxd4 Bd7 6. Nc3 Be7 7. Bxc6 bxc6 8. 0-0 Bf6 9. Be3 c5 10. Nde2 Ne7 11. Qd2 0-0 12. Rad1 Nc6 13. b3 Ne5 14. Nd5 Bc6 15. h3 Re8 16. c4 Bd7 17. f4 Ng6 18. e5 dxe5 19. Nxf6+ Qxf6 20. Qxd7 exf4 21. Nxf4 Rad8 22. Qxc7 Rxd1 23. Rxd1 Rxe3 24. Nd5 Qe5 25. Qd8+ Nf8 26. Nxe3 Qxe3+ 27. Kh1 g6 28. Qd2 Qg3 29. Qd6 Qf2 30. Qb8 Kg7 31. Qe5+ Kh6 32. Re1 g5 33. Qe2 Qd4 34. Qe3 Qh4 35. Rf1 Kg7 36. Qe5+ Kg8 37. Qxc5 Ne6 38. Qf5 Nf4 39. Kh2 Qh5 40. Rxf4 1-0

[Event "Budapest Spring op 15th"]
[Site "Budapest"]
[Date "1999.03.24"]
[Round "8"]
[White "Sandor, Jozsef"]
[Black "Raetsch, Kurt"]
[Result "1-0"]
[WhiteElo "2195"]
[BlackElo "2140"]
[PlyCount "43"]
[EventDate "1999.03.??"]
[EventType "swiss"]
[EventRounds "9"]
[EventCountry "HUN"]
[SourceTitle "EXT 2000"]
[Source "ChessBase"]
[SourceDate "1999.11.16"]
[SourceVersion "1"]
[SourceVersionDate "1999.11.16"]
[SourceQuality "1"]

1. Nf3 e6 2. d4 d5 3. Bf4 Nf6 4. e3 Nbd7 5. Nbd2 Nh5 6. Bg5 Be7 7. Bxe7 Qxe7 8. Ne5 Nhf6 9. Nxd7 Bxd7 10. c3 0-0 11. Nf3 b6 12. Bd3 c5 13. 0-0 cxd4 14. cxd4 Qb4 15. Qd2 Qd6 16. Ne5 Bc8 17. Rac1 Bb7 18. Rc2 Rac8 19. Rfc1 Rxc2 20. Qxc2 g6 21. Qc7 Rc8 22. Qxf7+ 1-0

[Event "Budapest Spring op 15th"]
[Site "Budapest"]
[Date "1999.03.22"]
[Round "6"]
[White "Nagy, Karoly"]
[Black "Raetsch, Kurt"]
[Result "1-0"]
[WhiteElo "2175"]
[BlackElo "2140"]
[PlyCount "53"]
[EventDate "1999.03.??"]
[EventType "swiss"]
[EventRounds "9"]
[EventCountry "HUN"]
[SourceTitle "EXT 2000"]
[Source "ChessBase"]
[SourceDate "1999.11.16"]
[SourceVersion "1"]
[SourceVersionDate "1999.11.16"]
[SourceQuality "1"]

1. e4 e5 2. Bc4 Nf6 3. f4 Nxe4 4. Nc3 Nxc3 5. dxc3 c6 6. Qe2 d5 7. Qxe5+ Be7 8. Bd3 0-0 9. Qh5 g6 10. Qf3 Re8 11. Ne2 Bc5 12. Bd2 Nd7 13. 0-0-0 b5 14. Nd4 Qb6 15. Rhe1 Bb7 16. Qh3 Nf8 17. f5 b4 18. Nb3 a5 19. Nxc5 Qxc5 20. Qh6 Qd6 21. Kb1 c5 22. Bg5 Nd7 23. Bb5 Bc6 24. Bxc6 Qxc6 25. c4 d4 26. Rf1 a4 27. f6 1-0

[Event "Bahn-chV"]
[Site "Baiersbronn"]
[Date "1998.10.31"]
[Round "7"]
[White "Welsch, Lothar"]
[Black "Raetsch, Kurt"]
[Result "1-0"]
[WhiteElo "1850"]
[BlackElo "1826"]
[PlyCount "69"]
[EventDate "1998.10.25"]
[EventType "swiss"]
[EventRounds "7"]
[EventCountry "GER"]
[SourceTitle "EXT 2001"]
[Source "ChessBase"]
[SourceDate "2000.11.22"]
[SourceVersion "1"]
[SourceVersionDate "2000.11.22"]
[SourceQuality "1"]

1. d4 e6 2. e3 d5 3. Bd3 Nf6 4. f4 c5 5. c3 Nc6 6. Nf3 Bd7 7. 0-0 Rc8 8. Ne5 Bd6 9. Nd2 cxd4 10. exd4 a6 11. Ndf3 h6 12. Qe2 Ne7 13. Nxd7 Qxd7 14. Ne5 Qc7 15. Bd2 0-0 16. Rae1 Qb6 17. Bc1 Qa5 18. Nxf7 Rxf7 19. Qxe6 Qc7 20. g4 Qd7 21. g5 hxg5 22. fxg5 Qxe6 23. Rxe6 Ne8 24. Rfe1 Rf3 25. Bf1 Kf7 26. Bg2 Rd3 27. g6+ Nxg6 28. Bxd5 Bxh2+ 29. Kxh2 Kf8 30. Rxg6 Nf6 31. Bxb7 Rb8 32. Bxa6 Rf3 33. Rf1 Rxf1 34. Bxf1 Kf7 35. Rg3 1-0